Groups of things in A Song of Ice and Fire #2 - Statistics

General Stats
  • This quiz has been taken 5,393 times
    4,236 since last reset
  • The average score is 26 of 53
Answer Stats
Hint Answer % Correct
Faith of the Seven
95%
Ghost
94%
Lady
93%
Nymeria
91%
Meereen
90%
Shaggy Dog
90%
Summer
90%
The Old Gods
88%
Grey wind
87%
R'hllor
81%
Qarth
76%
Yellow Gold
76%
Iron
73%
Pentos
72%
The Narrow Sea
72%
Astapor
70%
Silver
69%
Vaes Dothrak
68%
Bran Stark
67%
Yunkai
67%
The Drowned God
63%
Copper
61%
Steel
61%
Jon Snow
59%
Bronze
57%
Arya Stark
55%
Valyrian Steel
55%
Varamyr Sixskins
48%
Gerold Dayne
42%
Tin
41%
Arys Oakheart
38%
Myrcella Baratheon
34%
The Sunset Sea
34%
The Shivering Sea
31%
Orell
26%
Arianne Martell
25%
Platinum
25%
Brynden Rivers
24%
The Jade Sea
23%
The Summer Sea
22%
Lead
21%
Brass
18%
Red Gold
17%
Vaes Tolorro
15%
Black Iron
9%
Mother Rhoyne
9%
Sylva Santagar
9%
Pewter
7%
Garin
6%
Andrey Dalt
5%
Electrum
5%
The Lady of the Waves and the Lord of the Skies
4%
Pale Steel
3%
No matching quizzes found
Score Distribution
Percent of People with Each Score
Percentile by Number Answered
Your Score History
You have not taken this quiz since the last reset